000 00332nam a2200133Ia 4500
005 20260328101445.0
008 260328s9999||||xx |||||||||||||| ||und||
100 _aWalker, John A.
245 0 _aArt since pop :
_b 64 pAges in colour /
_cJohn A. Walker
260 _bThames & Hudson
300 _a64 p.
650 _aARTE
942 _cBK
999 _c8428
_d8428